| 000 | 01094cad a22002055a 4500 | ||
|---|---|---|---|
| 001 | L157010 | ||
| 008 | 120810s2012 xxk 000 0 eng d | ||
| 035 | _a(Sirsi) u157010 | ||
| 041 | 0 | _aeng | |
| 110 | 2 | _aCBRE | |
| 245 | 0 | 0 |
_aAsia Pacific offices marketview _bQ2 2012 _h[electronic resource] |
| 260 |
_aHong Kong _bCBRE _c2012 |
||
| 490 |
_aCBRE Asia Pacific Offices Marketview _vQ2 2012 |
||
| 520 | _aOffice demand remains subdued as caution prevails. Rents are largely unchanged as office occupiers remain cost conscious. Weak demand and new supply see office vacancies rise for first time since Q4 2009. A large volume of new stock comes on stream but pipeline likely to slow. Provides quick stats; hot topics; an economic update; key indicators; insights into office rents, office demand, office vacancies; an office development pipeline; and market summaries. | ||
| 590 | _aKA NTK | ||
| 651 | 4 | _aAsia Pacific | |
| 690 |
_aCommercial property _96227 |
||
| 856 | 4 | 0 |
_uhttps://www.cbre.eu/portal/pls/portal/res_rep.show_report?report_id=2023 _zView the report at www.cbre.eu |
| 942 | _n0 | ||
| 999 |
_c84233 _d84233 |
||